000 00360nam a2200145Ia 4500
005 20251222144645.0
008 251222s9999||||xx |||||||||||||| ||spa||
020 _a8422684683
082 _a398.209.46/O73
100 _aOrtí, Antonio
245 0 _aLeyendas Urbanas en España
250 _a1ra.ed.
264 _bEdiciones Martinez Roca, S.A.
942 _cLIB
999 _c16848
_d16848